Carregant...
Reflections on the Philosophy of the history of mankind /
| Autor principal: | |
|---|---|
| Format: | Printed Book |
| Idioma: | English |
| LEADER | 00372nam a2200097Ia 4500 | ||
|---|---|---|---|
| 008 | 150624b xxu||||| |||| 00| 0 eng d | ||
| 100 | |a Von Herder, Johann Gottfried | ||
| 245 | |a Reflections on the Philosophy of the history of mankind / |c Johann Gottfried Von Herder | ||
| 942 | |c BK | ||
| 999 | |c 60149 |d 60149 | ||
| 952 | |0 0 |1 0 |4 0 |7 0 |9 60126 |a UL |b UL |c ST1 |d 2012-10-27 |l 0 |p D1176 |r 2012-10-27 |w 2012-10-27 |y BK | ||